[Event "XXXV MEMORIAL IMIENIA LUDWIKA ZAMENHOFA"]
[Site "Bialystok"]
[Date "2016.12.28"]
[Round "4.7"]
[White "Socko, Bartosz"]
[Black "Dzhuguryan, Tygran"]
[Result "1-0"]
[WhiteElo "2613"]
[BlackElo "2176"]
[PlyCount "81"]
[EventDate "2016.??.??"]

1. d4 Nf6 2. Nf3 d5 3. Bf4 c6 4. e3 Bg4 5. Nbd2 Nbd7 6. h3 Bh5 7. g4 Bg6 8. Nh4
e6 9. Nxg6 hxg6 10. Bg2 Be7 11. c3 Ng8 12. Qc2 g5 13. Bg3 Nf8 14. Nf3 Ng6 15.
O-O-O b5 16. Bf1 Bf6 17. Bd3 Nh4 18. Nxh4 gxh4 19. Bh2 Ne7 20. f4 g6 21. f5
gxf5 22. gxf5 Bg5 23. fxe6 fxe6 24. Kb1 Qd7 25. Rhg1 Bxe3 26. Rge1 Bh6 27. Bg6+
Kd8 28. Bf7 e5 29. Bxe5 Rf8 30. Be6 Qxe6 31. Bc7+ Kd7 32. Rxe6 Kxe6 33. Re1+
Kd7 34. Rxe7+ Kxe7 35. Qh7+ Ke6 36. Qxh6+ Rf6 37. Qg7 Raf8 38. Be5 Rf1+ 39. Kc2
R8f2+ 40. Kb3 Kf5 41. Qg4# 1-0

[Event "XXXV MEMORIAL IMIENIA LUDWIKA ZAMENHOFA"]
[Site "Bialystok"]
[Date "2016.12.28"]
[Round "4.8"]
[White "Kultiyasov, Mikhail"]
[Black "Jakubowski, Krzysztof"]
[Result "0-1"]
[WhiteElo "2273"]
[BlackElo "2531"]
[PlyCount "144"]
[EventDate "2016.??.??"]

1. e4 c5 2. Nf3 e6 3. d4 cxd4 4. Nxd4 Nf6 5. Nc3 d6 6. g4 h6 7. Rg1 g5 8. Be3
a6 9. h4 Nfd7 10. Qd2 Be7 11. Rh1 Rg8 12. hxg5 hxg5 13. Be2 Ne5 14. O-O-O b5
15. a3 Nbd7 16. Rh5 Nb6 17. Nf3 Nxf3 18. Bxf3 Nc4 19. Qe1 Bb7 20. Bd4 Rc8 21.
Be2 Qc7 22. Bxc4 Qxc4 23. f3 a5 24. Qe2 Ba6 25. Qxc4 Rxc4 26. Rd2 b4 27. axb4
axb4 28. Ne2 Bb7 29. b3 Rc8 30. Kb1 d5 31. e5 Kd7 32. Ng3 Bc5 33. Rh7 Ke7 34.
Ne2 Ba6 35. Bxc5+ Rxc5 36. Nd4 Ra8 37. Kb2 Bb5 38. Rh1 Bd7 39. Ne2 d4 40. Rxd4
Rxe5 41. Ng3 Re3 42. Ne4 Rxf3 43. Nxg5 Rf2 44. Rxb4 Rc8 45. Rc1 Rg8 46. Nh3 Rh2
47. Nf4 Rxg4 48. Rb7 Rxf4 49. Rd1 f5 50. Rdxd7+ Kf6 51. b4 Rc4 52. Kb3 Rcxc2
53. b5 Ke5 54. Kb4 f4 55. Rf7 Ke4 56. Rbe7 e5 57. Rf6 Rb2+ 58. Ka5 f3 59. b6
Rb3 60. Ka6 Rhb2 61. Ka7 f2 62. Ref7 Ra3+ 63. Kb8 Ra6 64. Kc7 Rc2+ 65. Kb7 Raa2
66. Kb8 Kd4 67. b7 e4 68. Rd7+ Ke3 69. Rc7 Rxc7 70. Kxc7 Rc2+ 71. Rc6 Rb2 72.
Rf6 Ke2 0-1

[Event "XXXV MEMORIAL IMIENIA LUDWIKA ZAMENHOFA"]
[Site "Bialystok"]
[Date "2016.12.28"]
[Round "4.9"]
[White "Kosakowski, Jakub"]
[Black "Leniart, Arkadiusz"]
[Result "0-1"]
[WhiteElo "2249"]
[BlackElo "2482"]
[PlyCount "80"]
[EventDate "2016.??.??"]

1. e4 e5 2. Nf3 Nc6 3. Bb5 a6 4. Ba4 Nf6 5. O-O Be7 6. Re1 b5 7. Bb3 d6 8. c3
O-O 9. h3 Nb8 10. d4 Nbd7 11. Nbd2 Bb7 12. Bc2 Re8 13. a4 c5 14. d5 c4 15. b3
cxb3 16. Nxb3 Qc7 17. Qd3 bxa4 18. Rxa4 Rec8 19. Bd2 Nb6 20. Raa1 Nc4 21. Bc1
a5 22. Nbd2 Nb6 23. Ra3 Nfd7 24. Nf1 Nc4 25. Ra1 Bd8 26. N3d2 Ncb6 27. Ra3 Bg5
28. Qg3 Bf4 29. Qg4 Nf6 30. Qf3 Ba6 31. Ne3 Bb5 32. g3 Bxe3 33. Qxe3 Nfd7 34.
Bb2 Nc5 35. Raa1 f5 36. c4 Nxc4 37. Nxc4 Bxc4 38. exf5 Rab8 39. Bc3 a4 40. f4
Bxd5 0-1

[Event "XXXV MEMORIAL IMIENIA LUDWIKA ZAMENHOFA"]
[Site "Bialystok"]
[Date "2016.12.28"]
[Round "4.10"]
[White "Jaroch, Karol"]
[Black "Nasuta, Grzegorz"]
[Result "1/2-1/2"]
[WhiteElo "2247"]
[BlackElo "2448"]
[PlyCount "210"]
[EventDate "2016.??.??"]

1. c4 e5 2. Nc3 Nf6 3. Nf3 Nc6 4. g3 d5 5. cxd5 Nxd5 6. Bg2 Nb6 7. O-O Be7 8.
d3 O-O 9. b3 Re8 10. Bb2 Bf8 11. Rc1 Bg4 12. h3 Bh5 13. Nd2 Qd7 14. Nc4 Rab8
15. Nxb6 axb6 16. Nd5 f6 17. Qc2 Rec8 18. Rfd1 Nd4 19. Bxd4 exd4 20. Qb2 Bf7
21. e4 dxe3 22. Nxe3 b5 23. d4 Bd6 24. Qe2 Re8 25. Qf3 Bg6 26. Qg4 f5 27. Qf3
f4 28. gxf4 Rf8 29. Qg4 Qxg4 30. hxg4 Rxf4 31. a4 bxa4 32. bxa4 Ra8 33. Bxb7
Rxa4 34. Bd5+ Bf7 35. Bxf7+ Kxf7 36. d5 Ra2 37. Rf1 Kg6 38. Rc4 Kg5 39. Rxf4
Kxf4 40. Kg2 Bc5 41. Nf5 g6 42. Ng7 Kxg4 43. Ne8 Bb6 44. d6 c6 45. Nf6+ Kf5 46.
Nxh7 Ra7 47. Rb1 Bc5 48. Rc1 Bd4 49. Nf8 Rf7 50. Nxg6 Kxg6 51. d7 Rxf2+ 52. Kg3
Rd2 53. Rxc6+ Bf6 54. Kf3 Rxd7 55. Rc5 Rd4 56. Ke3 Ra4 57. Rb5 Kf7 58. Kd3 Ke6
59. Rb6+ Kf5 60. Rb8 Rd4+ 61. Ke3 Rc4 62. Rf8 Rc3+ 63. Kd2 Rh3 64. Kc2 Ke6 65.
Kd2 Bc3+ 66. Ke2 Kd5 67. Rf3 Rh2+ 68. Rf2 Rh4 69. Kf3 Bd4 70. Re2 Be5 71. Ra2
Rh3+ 72. Kg4 Rg3+ 73. Kf5 Rf3+ 74. Kg4 Rf4+ 75. Kg5 Rf1 76. Ra4 Bf6+ 77. Kg4
Bd4 78. Kg5 Ke4 79. Kg6 Rf6+ 80. Kg5 Rf7 81. Ra6 Rf1 82. Ra4 Rg1+ 83. Kh4 Rg8
84. Rb4 Ke5 85. Kh3 Bf2 86. Rg4 Rh8+ 87. Kg2 Be3 88. Kf3 Bc1 89. Ra4 Rf8+ 90.
Ke2 Bb2 91. Ke3 Bc1+ 92. Ke2 Bf4 93. Ra5+ Ke4 94. Ra4+ Kf5 95. Ra5+ Be5 96. Ra4
Rb8 97. Kd3 Rb3+ 98. Kc2 Rh3 99. Kd2 Bc3+ 100. Kc2 Ke5 101. Ra3 Kd4 102. Ra4+
Kd5 103. Ra8 Bd4 104. Kd2 Ke4 105. Re8+ Be5 1/2-1/2

[Event "XXXV MEMORIAL IMIENIA LUDWIKA ZAMENHOFA"]
[Site "Bialystok"]
[Date "2016.12.28"]
[Round "4.11"]
[White "Socko, Monika"]
[Black "Zochowski, Kacper"]
[Result "1-0"]
[WhiteElo "2441"]
[BlackElo "2261"]
[PlyCount "123"]
[EventDate "2016.??.??"]

1. d4 Nf6 2. c4 e6 3. Nc3 Bb4 4. Qc2 d6 5. e4 Bxc3+ 6. bxc3 Nbd7 7. Bd3 e5 8.
Ne2 c5 9. O-O O-O 10. d5 Nh5 11. Be3 h6 12. g4 Nhf6 13. f3 Nh7 14. Ng3 Re8 15.
Kh1 g5 16. h4 Ndf8 17. Qh2 f6 18. Nf5 Bxf5 19. gxf5 Re7 20. Rg1 Rg7 21. Rg3 Qa5
22. Qd2 Rd8 23. Rag1 Rdd7 24. hxg5 hxg5 25. Kg2 Kf7 26. Kf2 Kg8 27. Rh1 Rc7 28.
Rb1 Rce7 29. Bf1 Qa4 30. Rb5 Qa6 31. Qc2 Nd7 32. Be2 Nhf8 33. Qb3 b6 34. Qc2
Rh7 35. Rg2 Rh1 36. Rb1 Reh7 37. f4 exf4 38. Bxf4 Ne5 39. Rxh1 Rxh1 40. Bxe5
dxe5 41. d6 Qb7 42. Qd3 Qh7 43. Bf1 Qh4+ 44. Ke2 Nd7 45. Qd5+ Kf8 46. Qa8+ Kg7
47. Qb7 Qh5+ 48. Kd2 Rxf1 49. Qxd7+ Kh6 50. Re2 Qh1 51. Qa4 Qh4 52. Kc2 Rf2 53.
Rxf2 Qxf2+ 54. Kb3 Qd2 55. Qe8 Qd1+ 56. Ka3 Kg7 57. Qg6+ Kh8 58. Qxf6+ Kh7 59.
Qg6+ Kh8 60. Qh6+ Kg8 61. Qxg5+ Kh7 62. f6 1-0

[Event "XXXV MEMORIAL IMIENIA LUDWIKA ZAMENHOFA"]
[Site "Bialystok"]
[Date "2016.12.28"]
[Round "4.12"]
[White "Teclaf, Pawel"]
[Black "Pietruszewski, Marcin"]
[Result "1-0"]
[WhiteElo "2341"]
[BlackElo "2208"]
[PlyCount "81"]
[EventDate "2016.??.??"]

1. e4 c5 2. Nf3 e6 3. d4 cxd4 4. Nxd4 a6 5. Bd3 Nf6 6. Nc3 Qc7 7. Qe2 d6 8. f4
Nbd7 9. g4 Nc5 10. g5 Nfd7 11. Bd2 g6 12. f5 Ne5 13. b4 Ncxd3+ 14. cxd3 Bd7 15.
Rc1 Rc8 16. Nb3 Qb6 17. a3 h6 18. h4 Bb5 19. Be3 Qd8 20. Nxb5 axb5 21. O-O Rxc1
22. Rxc1 hxg5 23. hxg5 gxf5 24. exf5 Rh3 25. Kg2 Rh4 26. fxe6 fxe6 27. d4 Nc4
28. Kg3 Rh8 29. Bf4 Kd7 30. Qf3 d5 31. Rh1 Bd6 32. Nc5+ Bxc5 33. bxc5 b6 34.
cxb6 Nxb6 35. Rh6 Nc8 36. Qe2 Qg8 37. Qxb5+ Kd8 38. Qc6 Rxh6 39. Qc7+ Ke8 40.
Qxc8+ Kf7 41. Qxg8+ 1-0

[Event "XXXV MEMORIAL IMIENIA LUDWIKA ZAMENHOFA"]
[Site "Bialystok"]
[Date "2016.12.28"]
[Round "4.13"]
[White "Karwowski, Kacper"]
[Black "Gurbanov, Andrei"]
[Result "0-1"]
[WhiteElo "2201"]
[BlackElo "2330"]
[PlyCount "64"]
[EventDate "2016.??.??"]

1. d4 d5 2. Nf3 Nf6 3. Bg5 Ne4 4. Bh4 c5 5. Nbd2 Nc6 6. e3 Qb6 7. Rb1 Bf5 8.
dxc5 Nxc5 9. Nd4 Nxd4 10. exd4 Ne6 11. Nf3 Rc8 12. Bd3 Bxd3 13. Qxd3 Nf4 14.
Qf5 Nxg2+ 15. Kf1 e6 16. Qe5 Nxh4 17. Nxh4 Rxc2 18. Kg2 Qc7 19. Qg5 f6 20. Qg4
f5 21. Nxf5 exf5 22. Rhe1+ Kd8 23. Qxf5 Be7 24. Rxe7 Kxe7 25. Re1+ Kd8 26. Re5
Qc6 27. Re6 Qd7 28. Qg5+ Kc8 29. Re7 Qc6 30. Qf5+ Kb8 31. Rxg7 Ka8 32. Qf7 a6
0-1

[Event "XXXV MEMORIAL IMIENIA LUDWIKA ZAMENHOFA"]
[Site "Bialystok"]
[Date "2016.12.28"]
[Round "4.14"]
[White "Olhovik, Andrei"]
[Black "Czernek, Tymon"]
[Result "1-0"]
[WhiteElo "2297"]
[BlackElo "1877"]
[PlyCount "63"]
[EventDate "2016.??.??"]

1. d4 d5 2. Nf3 Nc6 3. c4 Bg4 4. e3 e5 5. Qb3 Bxf3 6. gxf3 exd4 7. cxd5 Nb4 8.
e4 Qd6 9. a3 Qc5 10. Kd1 Nxd5 11. Qxd5 Qxd5 12. exd5 O-O-O 13. Bf4 Rxd5 14. Nd2
g5 15. Bg3 f5 16. Bc4 Rc5 17. Be6+ Kd8 18. b4 Rb5 19. Bc4 Rb6 20. Be5 Nf6 21.
Bxd4 Rd6 22. Be5 Rb6 23. Rc1 Bg7 24. Bd3 Ne8 25. Re1 Re6 26. Bxg7 Rxe1+ 27.
Kxe1 Nxg7 28. Rc5 Re8+ 29. Kf1 c6 30. b5 Ne6 31. Rxf5 Nf4 32. Be4 1-0

[Event "XXXV MEMORIAL IMIENIA LUDWIKA ZAMENHOFA"]
[Site "Bialystok"]
[Date "2016.12.28"]
[Round "4.15"]
[White "Norov, Artem"]
[Black "Khamitskiy, Sergei"]
[Result "1/2-1/2"]
[WhiteElo "1819"]
[BlackElo "2290"]
[PlyCount "83"]
[EventDate "2016.??.??"]

1. d4 d5 2. Nf3 Nf6 3. e3 Bg4 4. c4 dxc4 5. Bxc4 e6 6. O-O a6 7. Be2 Nc6 8. b3
Bd6 9. Bb2 O-O 10. Nbd2 Qe7 11. h3 Bh5 12. Ne5 Bxe2 13. Nxc6 Qe8 14. Qxe2 Qxc6
15. Rac1 Qb5 16. Nc4 a5 17. Qc2 a4 18. Nxd6 cxd6 19. Qc4 Qh5 20. bxa4 Ra5 21.
d5 Rxd5 22. Bxf6 gxf6 23. Qc7 Ra8 24. Rc4 Rc5 25. Qxb7 Rxc4 26. Qxa8+ Kg7 27.
Qa6 Qd5 28. Qb5 Rc5 29. Qb3 Qc6 30. Rd1 Rg5 31. g3 Rc5 32. Qd3 Rd5 33. Qe2 Ra5
34. Qg4+ Kf8 35. Qb4 Rc5 36. Qb8+ Ke7 37. Qa7+ Kf8 38. Qb8+ Ke7 39. Qa7+ Kf8
40. Qb8+ Ke7 41. Qa7+ Kf8 42. Qb8+ 1/2-1/2

[Event "XXXV MEMORIAL IMIENIA LUDWIKA ZAMENHOFA"]
[Site "Bialystok"]
[Date "2016.12.28"]
[Round "4.16"]
[White "Wisniewski, Jacek"]
[Black "Buraczewski, Rafal"]
[Result "0-1"]
[WhiteElo "1878"]
[BlackElo "2249"]
[PlyCount "70"]
[EventDate "2016.??.??"]

1. e4 e6 2. d4 d5 3. Nd2 Nf6 4. e5 Nfd7 5. Bd3 c5 6. c3 Nc6 7. Ne2 Qb6 8. Nf3
f6 9. exf6 Nxf6 10. O-O Bd6 11. Re1 O-O 12. Bf4 Bxf4 13. Nxf4 Re8 14. Ng5 h6
15. Ngxe6 Bxe6 16. Nxe6 cxd4 17. Qb3 Qxb3 18. axb3 dxc3 19. bxc3 Re7 20. Bg6
Nd8 21. Nf4 Rxe1+ 22. Rxe1 Nc6 23. b4 a6 24. g3 d4 25. cxd4 Nxb4 26. Re7 Nc6
27. Rxb7 Nxd4 28. Nd3 a5 29. Nc5 Nf3+ 30. Kg2 Ne5 31. Ne6 a4 32. Rxg7+ Kh8 33.
f4 Ned7 34. Bf7 Nf8 35. Bh5 Nxh5 0-1

[Event "XXXV MEMORIAL IMIENIA LUDWIKA ZAMENHOFA"]
[Site "Bialystok"]
[Date "2016.??.??"]
[Round "4.17"]
[White "Niedzwiedz, Marek"]
[Black "Rozycki, Bartlomiej"]
[Result "1-0"]
[WhiteElo "2088"]
[BlackElo "2190"]
[PlyCount "87"]
[EventDate "2016.??.??"]

1. e4 e6 2. d4 d5 3. Nd2 Nf6 4. e5 Nfd7 5. Bd3 c5 6. c3 Nc6 7. Ne2 a5 8. O-O a4
9. Nf3 a3 10. b3 cxd4 11. cxd4 Nb4 12. Bb1 Nb8 13. Bg5 Qb6 14. Qd2 h6 15. Be3
Bd7 16. Rc1 N8c6 17. Ne1 O-O-O 18. Nc3 Kb8 19. Na4 Qa5 20. Qe2 Rc8 21. Qf3 Be8
22. Bd3 Be7 23. Bf1 Rc7 24. Qg4 g6 25. Bd2 h5 26. Qf4 Qa7 27. Bc3 Bf8 28. Qd2
Bh6 29. f4 Na6 30. Kh1 Ne7 31. Nf3 Bxa4 32. bxa4 Rhc8 33. Rab1 Nf5 34. Rb3 Bf8
35. Rcb1 Ka8 36. Bd3 Nb8 37. Ba5 Rc1+ 38. Rxc1 Rxc1+ 39. Qxc1 Qxa5 40. Bxf5
gxf5 41. Qc8 Bb4 42. Qe8 Ka7 43. Qb5 Qxb5 44. axb5 1-0

[Event "XXXV MEMORIAL IMIENIA LUDWIKA ZAMENHOFA"]
[Site "Bialystok"]
[Date "2016.??.??"]
[Round "4.18"]
[White "Klimaszewski, Dariusz"]
[Black "Ocytko, Andrzej"]
[Result "1/2-1/2"]
[WhiteElo "2161"]
[BlackElo "2110"]
[PlyCount "44"]
[EventDate "2016.??.??"]

1. e4 c6 2. d4 d5 3. exd5 cxd5 4. Bd3 Nc6 5. c4 Nf6 6. Nf3 Bg4 7. h3 Bh5 8. O-O
e6 9. Nbd2 Bd6 10. Re1 Qc7 11. Nf1 O-O-O 12. Be2 Kb8 13. Ne5 Bxe2 14. Nxc6+
Qxc6 15. Rxe2 h6 16. Be3 Ne4 17. f3 Ng3 18. Nxg3 Bxg3 19. Qd2 Bc7 20. Bf4 Bxf4
21. Qxf4+ Qc7 22. Qxc7+ Kxc7 1/2-1/2

[Event "XXXV MEMORIAL IMIENIA LUDWIKA ZAMENHOFA"]
[Site "Bialystok"]
[Date "2016.??.??"]
[Round "4.19"]
[White "Wisniewski, Michal"]
[Black "Oglaza, Oskar"]
[Result "1-0"]
[WhiteElo "2144"]
[BlackElo "2066"]
[PlyCount "143"]
[EventDate "2016.??.??"]

1. e4 c5 2. Nf3 d6 3. d4 cxd4 4. Nxd4 Nf6 5. Nc3 a6 6. Bg5 e6 7. f4 Qc7 8. Bxf6
gxf6 9. f5 e5 10. Nd5 Qd8 11. Ne6 Bxe6 12. fxe6 fxe6 13. Qh5+ Kd7 14. Qf7+ Be7
15. Nxf6+ Kc7 16. Ng4 Qe8 17. Qxe8 Rxe8 18. Bc4 Nc6 19. O-O Nd8 20. Rf3 Rg8 21.
Nf6 Rg6 22. Raf1 h6 23. Nh7 Rg4 24. Bd3 Nc6 25. Rf7 Kb6 26. h3 Rg6 27. Nf6 Bxf6
28. R1xf6 Rag8 29. Rxg6 Rxg6 30. Rd7 Nb4 31. Kf2 Kc6 32. Rh7 Nxd3+ 33. cxd3 d5
34. g4 b6 35. b4 Kb5 36. a3 Ka4 37. Rb7 dxe4 38. Rxb6 exd3 39. Rxa6+ Kb5 40.
Rd6 Kc4 41. b5 Rf6+ 42. Ke3 Kxb5 43. Rxd3 Rf4 44. Rc3 Kb6 45. Ke2 Kb7 46. Re3
Kc7 47. Rxe5 Kd6 48. Rh5 Ra4 49. Rxh6 Rxa3 50. h4 Ke7 51. g5 Kf7 52. h5 e5 53.
Rh7+ Kg8 54. Re7 Rh3 55. h6 Rg3 56. Rg7+ Kh8 57. Kf2 Rh3 58. Kg2 Rc3 59. Re7
Rc6 60. Kg3 e4 61. Kg4 e3 62. Kh5 e2 63. Rxe2 Rc8 64. Re7 Rc5 65. Kg6 Rc6+ 66.
Kf7 Kh7 67. Re6 Rc7+ 68. Kf6 Rc1 69. Re7+ Kg8 70. Re8+ Kh7 71. g6+ Kxh6 72.
Rh8# 1-0

[Event "XXXV MEMORIAL IMIENIA LUDWIKA ZAMENHOFA"]
[Site "Bialystok"]
[Date "2016.??.??"]
[Round "4.22"]
[White "Kostyra, Stanislaw"]
[Black "Praczukowski, Stanislaw"]
[Result "0-1"]
[WhiteElo "2230"]
[BlackElo "2093"]
[PlyCount "50"]
[EventDate "2016.??.??"]

1. d4 Nf6 2. Nf3 g6 3. Nc3 d5 4. Bf4 Bg7 5. e3 O-O 6. Be2 Bf5 7. Ne5 Nbd7 8. g4
Be6 9. Bf3 c6 10. h4 Qb6 11. Nxd7 Nxd7 12. Qd2 f5 13. g5 Bf7 14. O-O-O e5 15.
Bg3 Qa6 16. Be2 b5 17. Kb1 Qb7 18. h5 f4 19. Bh2 Nb6 20. h6 Bh8 21. dxe5 b4 22.
exf4 bxc3 23. Qxc3 Rab8 24. Qa5 Nc4 25. Qc5 Qxb2# 0-1

[Event "XXXV MEMORIAL IMIENIA LUDWIKA ZAMENHOFA"]
[Site "Bialystok"]
[Date "2016.??.??"]
[Round "4.23"]
[White "Smieszek, Wojciech"]
[Black "Kokoszczynski, Jan"]
[Result "1-0"]
[WhiteElo "2185"]
[BlackElo "2076"]
[PlyCount "105"]
[EventDate "2016.??.??"]

1. e4 e5 2. Nf3 Nc6 3. Bb5 a6 4. Ba4 Nf6 5. Qe2 b5 6. Bb3 Be7 7. O-O O-O 8. c3
d5 9. d3 Bb7 10. Rd1 Re8 11. Bg5 Na5 12. Bc2 h6 13. Bxf6 Bxf6 14. Nbd2 c5 15.
Nf1 d4 16. Ng3 g6 17. h3 Rc8 18. Nh2 Bg7 19. Qg4 Rc7 20. Rac1 Qe7 21. Ne2 Bc8
22. Qg3 g5 23. Qf3 Be6 24. Ng3 c4 25. Ng4 cxd3 26. Bxd3 dxc3 27. bxc3 Nc4 28.
Bxc4 Rxc4 29. Ne3 Rc6 30. Rd3 Qa3 31. Rc2 Bxa2 32. Nef5 Bc4 33. Rdd2 Bf8 34.
Kh2 a5 35. Ne3 Bb3 36. Rd7 Re7 37. Rcd2 Rxd7 38. Rxd7 Be6 39. Rd8 Qe7 40. Rb8
Qc7 41. Rxb5 Rxc3 42. Qd1 Kh7 43. Nh5 Bg7 44. Nd5 Bxd5 45. Qxd5 Qc4 46. Qb7 Qc7
47. Qa8 Rc5 48. Rb8 Kg6 49. Nxg7 Kxg7 50. Rh8 Kf6 51. Qe8 Kg6 52. Qf8 Kf6 53.
Rxh6# 1-0

[Event "XXXV MEMORIAL IMIENIA LUDWIKA ZAMENHOFA"]
[Site "Bialystok"]
[Date "2016.??.??"]
[Round "4.24"]
[White "Walkusz, Witoslaw"]
[Black "Sroka, Janusz"]
[Result "1/2-1/2"]
[WhiteElo "2171"]
[BlackElo "2045"]
[PlyCount "26"]
[EventDate "2016.??.??"]

1. e4 e5 2. Nf3 d6 3. d4 exd4 4. Nxd4 Nf6 5. Nc3 Be7 6. Be2 O-O 7. O-O Re8 8.
Re1 Bf8 9. Bf1 c6 10. a4 a5 11. f3 Na6 12. Bg5 h6 13. Be3 Nc5 1/2-1/2

[Event "XXXV MEMORIAL IMIENIA LUDWIKA ZAMENHOFA"]
[Site "Bialystok"]
[Date "2016.??.??"]
[Round "4.26"]
[White "Fus, Jakub"]
[Black "Mammadov, Vafa"]
[Result "1-0"]
[WhiteElo "2033"]
[BlackElo "2151"]
[PlyCount "131"]
[EventDate "2016.??.??"]

1. d4 c5 2. d5 e5 3. e4 d6 4. Bb5+ Nd7 5. a4 Ngf6 6. Nc3 Be7 7. Nf3 O-O 8. O-O
Ne8 9. Nd2 Bg5 10. Nc4 Bxc1 11. Qxc1 g6 12. f4 exf4 13. Qxf4 Qe7 14. Bxd7 Bxd7
15. e5 dxe5 16. Nxe5 f6 17. Nxd7 Qxd7 18. Qe3 b6 19. Rad1 Ng7 20. Ne4 Rae8 21.
Qf4 Nh5 22. Qh4 Kg7 23. Nc3 f5 24. Rfe1 Nf6 25. h3 Rxe1+ 26. Rxe1 Re8 27. Rxe8
Qxe8 28. Qg3 Qe7 29. d6 Qe6 30. Nb5 c4 31. Nc7 Qe2 32. Kh2 Kf7 33. Qc3 f4 34.
b3 f3 35. Qxf3 Qe5+ 36. Qg3 Qxg3+ 37. Kxg3 Ne4+ 38. Kf4 Nxd6 39. Ke5 cxb3 40.
cxb3 Nf5 41. Nb5 Nh4 42. g3 Nf3+ 43. Kd5 Ng1 44. h4 Ne2 45. g4 Nf4+ 46. Ke4 Ne6
47. Nxa7 Nc5+ 48. Kd5 Nxb3 49. Nc8 Kf6 50. Nxb6 h5 51. gxh5 gxh5 52. Ke4 Ke6
53. Kf4 Kf6 54. Nc4 Nc5 55. a5 Nd3+ 56. Ke4 Nc5+ 57. Kd5 Na6 58. Nd6 Nb8 59.
Kc5 Ke6 60. Ne8 Kf5 61. Kb6 Kg4 62. Nf6+ Kxh4 63. Kb7 Nd7 64. Nxd7 Kg3 65. a6
h4 66. a7 1-0

[Event "XXXV MEMORIAL IMIENIA LUDWIKA ZAMENHOFA"]
[Site "Bialystok"]
[Date "2016.??.??"]
[Round "4.29"]
[White "Maj, Pawel"]
[Black "Wojtaszewski, Piotr"]
[Result "1/2-1/2"]
[WhiteElo "2109"]
[BlackElo "1995"]
[PlyCount "24"]
[EventDate "2016.??.??"]

1. c4 e5 2. g3 Nf6 3. Bg2 g6 4. Nc3 Bg7 5. e4 O-O 6. Nge2 Ne8 7. O-O d6 8. d4
Nc6 9. d5 Ne7 10. Be3 c5 11. a3 Bd7 12. Nb1 f5 1/2-1/2

[Event "XXXV MEMORIAL IMIENIA LUDWIKA ZAMENHOFA"]
[Site "Bialystok"]
[Date "2016.??.??"]
[Round "4.30"]
[White "Golecki, Jan"]
[Black "Cherepov, Alexej"]
[Result "0-1"]
[WhiteElo "1823"]
[BlackElo "2106"]
[PlyCount "74"]
[EventDate "2016.??.??"]

1. e4 Nf6 2. e5 Nd5 3. d4 d6 4. Nf3 Bg4 5. Be2 c6 6. O-O Bxf3 7. Bxf3 dxe5 8.
dxe5 e6 9. b3 Nd7 10. c4 Ne7 11. Bb2 Ng6 12. Qe2 Be7 13. g3 Ngxe5 14. Bg2 O-O
15. Nd2 Qc7 16. Rfe1 Ng6 17. Ne4 Rad8 18. Rad1 Nc5 19. Nxc5 Bxc5 20. a3 a5 21.
Kh1 Qb6 22. Qf3 Rxd1 23. Rxd1 Rd8 24. Rxd8+ Qxd8 25. h4 Qd2 26. Qc3 Qxc3 27.
Bxc3 Bxf2 28. Kh2 Bb6 29. b4 axb4 30. axb4 Bc7 31. h5 Ne7 32. Kh3 Nf5 33. g4
Ne3 34. Be4 Nxc4 35. Kh4 h6 36. Bd3 Ne3 37. Bd4 Ng2+ 0-1

[Event "XXXV MEMORIAL IMIENIA LUDWIKA ZAMENHOFA"]
[Site "Bialystok"]
[Date "2016.??.??"]
[Round "4.31"]
[White "Walewski, Wojciech"]
[Black "Malicka, Maria"]
[Result "0-1"]
[WhiteElo "2095"]
[BlackElo "1901"]
[PlyCount "108"]
[EventDate "2016.??.??"]

1. d4 Nf6 2. c4 e6 3. Nc3 Bb4 4. Qc2 b6 5. a3 Bxc3+ 6. Qxc3 Bb7 7. Bg5 h6 8.
Bh4 d6 9. e3 Nbd7 10. f3 e5 11. Bf2 exd4 12. Qxd4 O-O 13. Ne2 Ne5 14. O-O-O
Nfd7 15. Nc3 Nc5 16. Kb1 Nb3 17. Qf4 Ba6 18. Kc2 Nc5 19. b3 Re8 20. Be2 Rb8 21.
e4 Bc8 22. Qd2 a5 23. g4 a4 24. b4 Nb3 25. Qf4 Qd7 26. Nd5 Qc6 27. b5 Qd7 28.
Nc3 Na5 29. Rd4 c5 30. Rdd1 Naxc4 31. Ra1 Bb7 32. Rhd1 Ra8 33. Kb1 Qe6 34. Nd5
Bxd5 35. exd5 Qg6+ 36. Kc1 Qg5 37. Qxg5 hxg5 38. Kc2 Nxg4 39. Bxc4 Nxf2 40. Rg1
Nh3 41. Rg3 Nf4 42. Rxg5 Ne2 43. Kd2 Nd4 44. Rf1 Re5 45. f4 Rxg5 46. fxg5 Re8
47. Rf4 Re5 48. h4 Kf8 49. Rg4 Rf5 50. Ke3 Rf3+ 51. Ke4 Rxa3 52. Bd3 Ra1 53.
Kf4 a3 54. Rg2 a2 0-1

[Event "XXXV MEMORIAL IMIENIA LUDWIKA ZAMENHOFA"]
[Site "Bialystok"]
[Date "2016.??.??"]
[Round "4.33"]
[White "Krasiewicz, Robert"]
[Black "Harazinska, Magdalena"]
[Result "1-0"]
[WhiteElo "2048"]
[BlackElo "1930"]
[PlyCount "95"]
[EventDate "2016.??.??"]

1. d4 d5 2. Nf3 Bf5 3. Bf4 e6 4. e3 Bd6 5. Bg3 Nf6 6. Bd3 Bg6 7. O-O O-O 8. Ne5
Nbd7 9. Nc3 a6 10. f3 Bxe5 11. Bxe5 Nxe5 12. dxe5 Nd7 13. f4 c5 14. Bxg6 fxg6
15. Qg4 Qe8 16. Rad1 Rd8 17. h4 b5 18. Ne2 Nb6 19. b3 Qf7 20. Ng3 h5 21. Qg5
Nc8 22. Ne4 Qc7 23. Qxg6 dxe4 24. Qxe6+ Kh8 25. Qg6 Qb7 26. Qxh5+ Kg8 27. f5
Rxd1 28. Qxd1 Ne7 29. Qg4 Qc8 30. e6 Rf6 31. Qxe4 Qc6 32. Qxc6 Nxc6 33. g4 Rf8
34. Kg2 Rd8 35. Rf2 Kf8 36. Kg3 Ke7 37. g5 Nb4 38. e4 Nxa2 39. e5 Nc3 40. Kg4
Nd1 41. Rf3 g6 42. fxg6 Kxe6 43. h5 Kxe5 44. g7 Ke4 45. Rf8 Ne3+ 46. Kh3 Rd1
47. Re8+ Kf4 48. Rxe3 1-0

[Event "XXXV MEMORIAL IMIENIA LUDWIKA ZAMENHOFA"]
[Site "Bialystok"]
[Date "2016.??.??"]
[Round "4.34"]
[White "Belczewski, Jacek"]
[Black "Parol, Pola"]
[Result "1-0"]
[WhiteElo "1902"]
[BlackElo "2040"]
[PlyCount "55"]
[EventDate "2016.??.??"]

1. d4 Nf6 2. Nf3 e6 3. c4 d5 4. Nc3 Bb4 5. e3 O-O 6. Bd3 c5 7. O-O Nc6 8. a3
Bxc3 9. bxc3 dxc4 10. Bxc4 Qc7 11. Qe2 e5 12. dxe5 Nxe5 13. Nxe5 Qxe5 14. Bd3
Ng4 15. f4 Qxc3 16. Bb2 Qb3 17. Rf3 Rd8 18. Bc4 Qb6 19. Rg3 Kf8 20. Bc3 Nf6 21.
e4 g6 22. f5 Re8 23. Re3 g5 24. e5 Ng8 25. Qh5 Qc7 26. Qxh7 a6 27. e6 Bxe6 28.
fxe6 1-0

[Event "XXXV MEMORIAL IMIENIA LUDWIKA ZAMENHOFA"]
[Site "Bialystok"]
[Date "2016.??.??"]
[Round "4.20"]
[White "Chomczyk, Marek"]
[Black "Korolev, Alexandr"]
[Result "1-0"]
[WhiteElo "2139"]
[BlackElo "2049"]
[PlyCount "91"]
[EventDate "2016.??.??"]

1. e4 e5 2. Nf3 Nc6 3. Bb5 Nf6 4. O-O Nxe4 5. d4 Nd6 6. Bxc6 dxc6 7. dxe5 Nf5
8. Qxd8+ Kxd8 9. Nc3 Be6 10. Ng5 Ke8 11. Nxe6 fxe6 12. Ne4 Be7 13. Bg5 h6 14.
Bxe7 Kxe7 15. Rad1 Rad8 16. c3 b6 17. h3 Rd5 18. Rxd5 cxd5 19. Nd2 c5 20. g4
Nh4 21. f4 Rf8 22. Kh2 Ng6 23. Kg3 Kd7 24. h4 Ne7 25. h5 b5 26. Nf3 a5 27. Nh4
b4 28. Ng6 Nxg6 29. hxg6 a4 30. a3 bxc3 31. bxc3 Rb8 32. f5 Ke7 33. f6+ Kf8 34.
g5 Rb3 35. gxh6 gxh6 36. Kg4 Rb2 37. Rh1 Rg2+ 38. Kh5 d4 39. cxd4 cxd4 40. Kxh6
d3 41. g7+ Kf7 42. Rb1 Rh2+ 43. Kg5 Rg2+ 44. Kf4 d2 45. Rb7+ Ke8 46. f7+ 1-0

[Event "XXXV MEMORIAL IMIENIA LUDWIKA ZAMENHOFA"]
[Site "Bialystok"]
[Date "2016.??.??"]
[Round "4.21"]
[White "Borawski, Jakub"]
[Black "Drozdowski, Konrad"]
[Result "1/2-1/2"]
[WhiteElo "2136"]
[BlackElo "2024"]
[PlyCount "92"]
[EventDate "2016.??.??"]

1. e4 c5 2. Nf3 e6 3. d4 cxd4 4. Nxd4 a6 5. Bd3 Nf6 6. O-O Qc7 7. c4 Nc6 8.
Nxc6 dxc6 9. Be3 e5 10. f3 Nd7 11. Qc2 Bc5 12. Bf2 O-O 13. Nc3 Rd8 14. Rad1
Bxf2+ 15. Qxf2 Nf8 16. Na4 Be6 17. b3 f6 18. Nb6 Rab8 19. c5 Rd4 20. Qc2 Rbd8
21. Bc4 Qe7 22. b4 Qf7 23. Rxd4 Rxd4 24. Rc1 Qe8 25. Qb3 Qf7 26. Bxe6 Nxe6 27.
Nc8 Nf4 28. Qxf7+ Kxf7 29. Rb1 Ne2+ 30. Kf1 Nc3 31. Rb3 Nxa2 32. Nd6+ Ke6 33.
Nf5 Rxb4 34. Rd3 g6 35. Rd6+ Kf7 36. Nh6+ Kg7 37. Ng4 Rd4 38. Nxf6 Kf7 39. Nd7
Rxd6 40. cxd6 Ke6 41. Nc5+ Kxd6 42. Nxb7+ Kc7 43. Na5 Kd6 44. Nc4+ Ke6 45. Na5
c5 46. Ke2 Kd6 1/2-1/2